Inflation patterns and monetary policy : lessons for the European Central Bank /

Saved in:
Bibliographic Details
Main Author: Groeneveld, Johannes M., 1965-
Format: Book
Language:English
Published: Cheltenham, UK ; Northampton, Mass., USA : Edward Elgar, c1998.
Subjects:
Tags: Add Tag
No Tags, Be the first to tag this record!
LEADER 02519cam a2200277 a 4500
001 007793647-7
005 20020606104010.5
008 980212s1998 enka b 001 0 eng
010 |a  98013465 //r99 
020 |a 1858988535 
035 0 |a ocm38485928 
040 |a DLC  |c DLC  |d DLC 
043 |a e------ 
050 0 0 |a HG925  |b .G76 1998 
082 0 0 |a 332.4/1/094  |2 21 
100 1 |a Groeneveld, Johannes M.,  |d 1965- 
245 1 0 |a Inflation patterns and monetary policy :  |b lessons for the European Central Bank /  |c Johannes M. Groeneveld. 
260 |a Cheltenham, UK ;  |a Northampton, Mass., USA :  |b Edward Elgar,  |c c1998. 
300 |a xi, 257 p. :  |b ill. ;  |c 24 cm. 
504 |a Includes bibliographical references (p. 235-249) and index. 
505 0 0 |t A preliminary look at inflation --  |t The P*-Framework: Theory and Backgrounds --  |t Theoretical and methodological underpinnings of the P*-model --  |t Technical aspects --  |t Unit roots: theory and testing strategy --  |t Testing the P*-Model for Four Initial ERM Members --  |t A preliminary look at the actual data --  |t The determination of the price gaps --  |t Regression results --  |t Money and Prices in a Small EMU --  |t The extended P*-model --  |t Aggregation issues --  |t The actual and equilibrium European variables --  |t Technical aspects of the construction of European equilibrium variables --  |t Economic distortions in Europe: theoretical and policy considerations --  |t Regression results --  |t Monetary Spillover Effects from the ERM to Austria --  |t A preliminary look at the data and the price gaps for Austria --  |t The impact of national and European monetary factors on Austrian prices --  |t Direct Inflation Targeting: Conceptual and Empirical Considerations --  |t Practical and theoretical backgrounds --  |t A preliminary look at the data --  |t The data generating process of inflation --  |t Inflation and interest rate dynamics --  |t What monetary strategy for the ECB: some preliminary thoughts --  |t About the Ins and Outs --  |t Convergence in Europe: a brief review of the literature --  |t Some stylized facts --  |t An empirical analysis of convergence in Europe --  |t Economic performance and long-term interest rates --  |t Summary and some policy considerations. 
650 0 |a Inflation (Finance)  |z European Union countries. 
650 0 |a Monetary policy  |z European Union countries. 
776 0 8 |i Online version:  |a Groeneveld, Johannes M., 1965-  |t Inflation patterns and monetary policy.  |d Cheltenham, UK ; Northampton, Mass., USA : Edward Elgar, ©1998  |w (OCoLC)696037258 
988 |a 20020608 
906 |0 DLC